Three Countries Closest to United States A-Z - Statistics

General Stats
  • This quiz has been taken 6,154 times
    6,070 since last reset
  • The average score is 48 of 65
Answer Stats
hint answer % Correct
C Canada
97%
B Bahamas
94%
A Aruba, then Antigua and Barbuda
93%
H Haiti
91%
J Jamaica
91%
C 2nd Cuba
90%
D 2nd Dominica
90%
D Dominican Republic
90%
G Guatemala
90%
O Oman
90%
Q Qatar
90%
Y Yemen
90%
H 2nd Honduras
89%
M Mexico
89%
R Russia
89%
V Venezuela
89%
Z Zambia
89%
B 2nd Belize
88%
E El Salvador
88%
P Panama
88%
Z 2nd Zimbabwe
88%
U United Kingdom
87%
B 3rd Barbados
86%
F 3rd Faroe Islands, then France
86%
I Iceland
86%
J 2nd Japan
86%
N Nicaragua
86%
S St Maarten, then St Kitts and Nevis
86%
I 2nd Ireland
84%
C 3rd Costa Rica
83%
S 2nd St Lucia
83%
S 3rd St Vincent and the Grenadines
81%
T Trinidad and Tobago
81%
E 2nd Ecuador
80%
U 3rd Uruguay
79%
G 2nd Greenland, then Grenada
77%
K Kiribati
77%
P 2nd Peru
77%
D 3rd Denmark
74%
G 3rd Guyana
74%
P 3rd Portugal
71%
V 2nd Vanuatu
69%
F Finland
68%
F 2nd Federated States of Micronesia
62%
I 3rd Italy
62%
V 3rd Vatican City
62%
L Luxembourg
61%
J 3rd Jordan
58%
T 2nd Tuvalu
56%
L 2nd Liechtenstein
54%
L 3rd Latvia
52%
R 2nd Romania
52%
T 3rd Tonga
51%
K 2nd Kosovo
50%
N 3rd Norway
50%
K 3rd Kazakhstan
49%
M 3rd Morocco
48%
N 2nd North Korea
48%
A 2nd Andorra
47%
U 2nd Ukraine
47%
E 3rd Estonia
46%
H 3rd Hungary
46%
M 2nd Marshall Islands
42%
A 3rd Algeria
41%
R 3rd Republic of the Congo
22%
No matching quizzes found
Score Distribution
Percent of People with Each Score
Percentile by Number Answered
Your Score History
You have not taken this quiz since the last reset